They Were In Both Bands - Statistics

General Stats
  • This quiz has been taken 170 times
  • The average score is 9 of 20
Answer Stats
Band #1 Band #2 Answer % Correct
The Beatles Wings Paul McCartney
96%
The Yardbirds Cream Eric Clapton
83%
Nirvana Foo Fighters Dave Grohl
79%
The J___ H______ Experience Band of Gypsys Jimi Hendrix
77%
The Quarrymen The Plastic Ono Band John Lennon
75%
The Yardbirds Led Zeppelin Jimmy Page
69%
The A_____ Brothers Band Derek and the Dominos Duane Allman
68%
The Guess Who _______-Turner Overdrive Randy Bachman
59%
Faces The Rolling Stones Ronnie Wood
54%
Electric Light Orchestra Traveling Wilburys Jeff Lynne
40%
Montrose Van Halen Sammy Hagar
38%
Genesis Mike & the Mechanics Mike Rutherford
31%
James Gang Eagles Joe Walsh
30%
Spencer Davis Group Traffic Steve Winwood
30%
Deep Purple Whitesnake David Coverdale
25%
The Monkees The First National Band Michael Nesmith
21%
Buffalo Springfield Manassas Stephen Stills
19%
Free Bad Company Paul Rodgers
15%
Santana Journey Gregg Rolie / Neal Schon
11%
Nazz Utopia Todd Rundgren
10%
No matching quizzes found
Score Distribution
Percent of People with Each Score
Percentile by Number Answered
Your Score History
You have not taken this quiz